[Event "Guillermo Garcia Memorial U16 op 29th"]
[Site "Santa Clara"]
[Date "2022.05.07"]
[Round "6"]
[White "Santos Guia, Maria Fernanda"]
[Black "Diaz Bombino, Esley"]
[Result "0-1"]
[WhiteElo "1346"]
[BlackElo "1532"]
[PlyCount "50"]
[EventDate "2022.05.02"]
[EventType "swiss"]
[EventRounds "7"]
[EventCountry "CUB"]
[SourceTitle "EXT 2023"]
[Source "ChessBase"]
[SourceDate "2022.10.05"]
[SourceVersion "1"]
[SourceVersionDate "2022.10.05"]
[SourceQuality "1"]

1. e4 c5 2. Nf3 d6 3. d4 cxd4 4. Nxd4 Nf6 5. Nc3 g6 6. Be3 Bg7 7. f3 0-0 8. Qd2 Nc6 9. 0-0-0 Bd7 10. g4 Rc8 11. Kb1 Ne5 12. h4 h5 13. Nd5 Nxd5 14. exd5 hxg4 15. h5 gxh5 16. Bh6 e6 17. Bxg7 Kxg7 18. Rxh5 Qf6 19. Rg5+ Ng6 20. dxe6 Bxe6 21. Nxe6+ Qxe6 22. Rxg4 Qf5 23. Qxd6 Qxc2+ 24. Ka1 Qc1+ 25. Rxc1 Rxc1# 0-1